000 00656nam a2200217Ia 4500
003 GCL
008 140319s9999 xx 000 0 eng d
020 _a1590594312
040 _aGCL /
_cGCL
082 0 4 _a005.13
_bMP
100 1 _aMACDONALD, MATTHEW
245 1 0 _aBEGINNING ASP.NET 1.1 IN C
_ : FROM NOVICE TO PROFESSIONL /
_cMACDONALD, MATTHEW
260 _aنيويورك :
_bMACDONALD, MATTHEW ،
_c2005
300 _a1017 ؛
_c25 cm.
650 0 4 _aELECTRONIC DATA PROCESSING
650 0 4 _aPROGRAMMING LANGUAGE
650 0 4 _aINTERNET - COMPUTER PROGRAME
650 0 4 _aINTERNET - PROGRAMMING LANGUAGES
650 0 4 _aASP.NET
942 _2ddc
_cBK
999 _c7361
_d7361